| 000 | 00403 a2200121 4500 | ||
|---|---|---|---|
| 001 | ART_2587 | ||
| 005 | 20260410161719.0 | ||
| 008 | 260409a | ||
| 245 | 1 | 0 | _aAuditoria al desempeño en organizaciones públicas y privadas |
| 100 | 1 | _aSanchez Henriquez, Jorge | |
| 700 | 1 | _aSaldaño Verdugo, Caroline | |
| 773 | 0 |
_tContabilidad y auditoría _g- Año 17, Nº 33 (jun. 2011) _wREV1723 |
|
| 999 |
_c16798 _d16798 |
||